Giã từ kiếp long đong

Zapisane w:
Opis bibliograficzny
1. autor: Quỳnh, Dao
Format: Książka
Język:Undetermined
Wydane: Hà Nội Hội nhà văn 2003
Hasła przedmiotowe:
Etykiety: Dodaj etykietę
Nie ma etykietki, Dołącz pierwszą etykiete!
Thư viện lưu trữ: Trung tâm Học liệu Trường Đại học Cần Thơ
LEADER 00556nam a2200193Ia 4500
001 CTU_60628
008 210402s9999 xx 000 0 und d
020 |b 29500 
082 |a 895.13 
082 |b D108 
100 |a Quỳnh, Dao 
245 0 |a Giã từ kiếp long đong 
245 0 |c Quỳnh Dao; Liêu Quốc Nhĩ (biên dịch) 
260 |a Hà Nội 
260 |b Hội nhà văn 
260 |c 2003 
650 |a Chinese fiction ( vietnamese ) 
904 |i Minh, Năm 
980 |a Trung tâm Học liệu Trường Đại học Cần Thơ